Estadísticas para Los Once Colores

Haz click aquí para intentar la prueba.

Estadísticas generales

  • Esta prueba ha sido intentada 2.966 veces
  • La puntuación promedio es 9 de 11

Estadísticas de respuestas

Color% Correcto
Azul
99%
Rojo
99%
Amarillo
98%
Verde
98%
Negro
97%
Blanco
96%
Naranja/Anaranjado
90%
Rosa
86%
Gris
72%
Marrón
71%
Púrpura
40%

Distribución de puntuación

Porcentaje por número respondido

Porcentaje de gente con cada puntuación

Historial de tus puntuaciones

No has intentado esta prueba.